书目信息 |
| 题名: |
理论力学
|
|
| 作者: | 王月梅 主编 | |
| 分册: | ||
| 出版信息: | 北京 机械工业出版社 2004.02 |
|
| 页数: | 446页 | |
| 开本: | 24cm | |
| 丛书名: | ||
| 单 册: | ||
| 中图分类: | O31 | |
| 科图分类: | ||
| 主题词: | 理论力学--高等教育--教材 | |
| 电子资源: | ||
| ISBN: | 7-111-13668-3 | |
| 000 | 00784nam0 2200241 450 | |
| 001 | 010563631984 | |
| 005 | 20050923161243.77 | |
| 010 | @a7-111-13668-3@dCNY33.00 | |
| 100 | @a20050726d2004 km y0chiy0120 ea | |
| 101 | 0 | @achi |
| 102 | @aCN@b110000 | |
| 105 | @aa a 001yy | |
| 200 | 1 | @a理论力学@Ali lun li xue@f王月梅主编@Fwang yue mei zhu bian |
| 210 | @a北京@c机械工业出版社@d2004.02 | |
| 215 | @a446页@c图@d24cm | |
| 320 | @a有书目和索引。 | |
| 330 | @a本书在内容选取上注重较好地处理与大学物理的衔接,编写的大量例题、习题划分为三个难易程度,并针对例题提供解题思路和步骤。 | |
| 333 | @a普通高等教育规划教材。 | |
| 606 | 0 | @a理论力学@x高等教育@j教材 |
| 690 | @aO31@v4 | |
| 701 | 0 | @a王月梅@Awang yue mei@4主编 |
| 801 | 0 | @aCN@bQSSK@c20050923 |
| 905 | @a10447@dO31@eW444 | |
| 理论力学/王月梅主编.-北京:机械工业出版社,2004.02 |
| 446页:图;24cm |
| 使用对象:普通高等教育规划教材。 |
| ISBN 7-111-13668-3:CNY33.00 |
| 本书在内容选取上注重较好地处理与大学物理的衔接,编写的大量例题、习题划分为三个难易程度,并针对例题提供解题思路和步骤。 |
| ● |
| 相关链接 |
|
|
|
正题名:理论力学
索取号:O31/W444
 
预约/预借
| 序号 | 登录号 | 条形码 | 馆藏地/架位号 | 状态 | 备注 |
| 1 | 526563 | 205265639 | 自科库401/401自科库 51排5列3层/ [索取号:O31/W444] | 在馆 | |
| 2 | 526564 | 205265648 | 自科库401/401自科库 51排5列3层/ [索取号:O31/W444] | 在馆 | |
| 3 | 526565 | 205265657 | 自科库401/401自科库 51排5列3层/ [索取号:O31/W444] | 在馆 | |
| 4 | 526566 | 205265666 | 自科库401/401自科库 51排5列3层/ [索取号:O31/W444] | 在馆 | |
| 5 | 526567 | 205265675 | 自科库401/401自科库 51排5列3层/ [索取号:O31/W444] | 在馆 | |
| 6 | 656289 | 206562897 | 自科库401/401自科库 51排5列4层/ [索取号:O31/W444] | 在馆 |